La venta consultiva: un método de ventas centrado en la asesoría al cliente

Uloženo v:
Podrobná bibliografie
Hlavní autor: Hanan, Mack (Autor)
Médium: Kniha
Jazyk:španělština
Vydáno: Bogotá Editorial Norma 1989
Vydání:1a. ed
Edice:Desarrollo Gerencial
Témata:
Tagy: Přidat tag
Žádné tagy, Buďte první, kdo vytvoří štítek k tomuto záznamu!

MARC

LEADER 00000cam a2200000 a 4500
001 UCD6957
003 CL-VaPUC
008 170303e19890000ck |||||||||||||||||spa|d
020 |a 9580408598 
082 0 4 |a 658.834  |b HAN  |2 21 
100 0 |a Hanan, Mack  |e author  |9 590860 
245 1 3 |a La venta consultiva: un método de ventas centrado en la asesoría al cliente 
250 |a 1a. ed 
300 |a 303 p 
942 |c BK 
945 |d 20170303 17:35:00  |a arojas 
260 |a Bogotá  |b Editorial Norma  |c 1989 
650 0 |a Ventas  |9 259323 
650 0 |a Atención al cliente  |9 527293 
650 0 |a Asesorías   |9 590861 
583 |a last modification  |c 20170303 17:35:00  |k Rodrigo Vera 
490 0 |a Desarrollo Gerencial 
999 |c 367129  |d 367127 
952 |0 0  |1 0  |3 erb  |4 0  |6 658_834000000000000_HAN_1989  |7 0  |8 A  |9 481821  |a BIBENE  |b BIBENE  |i 5328160  |o 658.834 HAN 1989  |p 5328160  |r 2025-01-15  |w 2019-11-24  |y BK  |z Catalogado en:20170303  |k ICO